| 000 | 01409cam a22003857a 4500 | ||
|---|---|---|---|
| 003 | CHAP | ||
| 005 | 20220329141104.0 | ||
| 008 | 971013d1989 mx r 00110 spa d | ||
| 010 | _a62430 | ||
| 011 | _a63402 | ||
| 035 | _a67578 | ||
| 040 | _cCHAP | ||
| 082 | 0 | 4 |
_a333.0972 _bE8 |
| 100 | 0 | 0 |
_aEscárcega López, Everardo. _937486 |
| 245 | 1 | 0 |
_aInafectabilidad agraria y pequeña propiedad _b: semblanza histórica _c/por Everardo Escárcega López |
| 260 |
_aMéxico, D.F. : _bCentro de Estudios Históricos del Agrarismo en México, _c1989. |
||
| 300 |
_a2 v. _b: ilus. |
||
| 490 | 0 | _aHistoria de los procedimientos agrarios | |
| 500 | _aLa biblioteca tiene : v.1 | ||
| 590 |
_aBATCH-UPD _b10 _c20130110 _lUCH01 _h0750 |
||
| 590 |
_aBATCH-UPD _b10 _c20130110 _lUCH01 _h2351 |
||
| 590 |
_aBATCH-UPD _b10 _c20130410 _lUCH01 _h0430 |
||
| 590 |
_aBATCH-UPD _b10 _c20130914 _lUCH01 _h1254 |
||
| 590 |
_aCONVERSION _b10 _c20130109 _lUCH01 _h1334 |
||
| 650 | 1 | 4 |
_aEjidos _zMéxico. _936039 |
| 650 | 1 | 4 |
_aReforma agraria _xLeyes. _995561 |
| 650 | 1 | 4 |
_aTierras _xTenencia _xHistoria. _9113171 |
| 650 | 1 | 4 |
_aTierras _xTenencia _xLeyes. _9113179 |
| 650 | 1 | 4 |
_aTierras _xTenencia _zMéxico. _9113215 |
| 700 | 0 |
_aCaraveo Caraveo, Efrén. _918780 |
|
| 830 | 0 | 0 |
_aHistoria de los procedimientos agrarios _955620 |
| 901 | _aBK | ||
| 942 | _cLIBRO | ||
| 949 |
_a333.0972 E8 _bBC _cLIBRO _d33724000631073 _eLIBRO _fv.1 _h92096 _i67578 _sb |
||
| 999 |
_c62430 _d62430 |
||